000 00883nam a2200229 i 4500
001 134932
003 ES-MaACL
005 20260120105618.0
007 t|
008 070703s1911 sp f |||| | spa d
100 1 _aTimoneda, Juan de.
_9110293
245 1 0 _aObras completas de Juan de Timoneda.
_nI /
_cpublicadas por la Sociedad de Bibliófilos Valencianos ; con un estudio de M. Menéndez y Pelayo.
260 _aValencia :
_bEstab. Tip. Domenech,
_c1911.
300 _a496 p., [14] h. de lám. ;
_c24 cm.
505 8 _aContiene: I. Teatro profano (Las tres comedias ; La Turiana)
530 _aDisponible en formato digital.
700 1 _aMenéndez y Pelayo, Marcelino,
_d1856-1912
_980332
852 _aES-MaACL
_jC-6606
_cSPAL
856 4 _uhttp://bdh-rd.bne.es/viewer.vm?id=0000144364&page=1
_y(Biblioteca Digital Hispánica)
942 _2udc
999 _c134932
_d134932